ნორმალური ფორმატი
MARC ფორმატი
ჩანაწერი Corporate Name
ჩანაწერთა რაოდენობა, რომელიც გამოყენებულია: 2
001 - CONTROL NUMBER
- control field: 8187
003 - CONTROL NUMBER IDENTIFIER
- control field: GE_BSU
005 - DATE AND TIME OF LATEST TRANSACTION
- control field: 20200525132110.0
008 - FIXED-LENGTH DATA ELEMENTS
- fixed length control field: 200525|| aca||aabn | a|a d
040 ## - CATALOGING SOURCE
- Original cataloging agency: GE_BSU
- Transcribing agency: GE_BSU
110 ## - HEADING--CORPORATE NAME
- Corporate name or jurisdiction name as entry element: თანამედროვე კერძო სამართლის ინ-ტი, საკორპორაციო, საბანკო და ეკონ. სამართლის ინ-ტი, თსუ, იურიდიული ფაკ-ტი.
670 ## - SOURCE DATA FOUND
- Source citation: Work cat.: (GE_BSU): ზოიძე, ბესარიონ. 8186, თანამედროვე სახელშეკრულებო სამართლის აქტუალური საკითხები
